| 000 | 00403nam a2200181Ia 4500 | ||
|---|---|---|---|
| 005 | 20240823041438.0 | ||
| 008 | 240823s9999||||xx |||||||||||||| ||und|| | ||
| 041 | _aTAMIL | ||
| 082 | _A923.254 Q1 | ||
| 100 | _aNalli Kupusami Settiyar | ||
| 245 | 0 | _aParamagamsar Nooru | |
| 250 | _a3rd | ||
| 260 |
_c2011 _bBrain |
||
| 500 | _aYES | ||
| 650 |
_aGeneral _bGeneral |
||
| 942 | _cBK | ||
| 999 |
_c205518 _d205518 |
||